1857 1716 1913 1854 1353 1789 1022 1546 1311 1202 1216 1076 1507 1025 1173 1672 1234 1095 1859 1412 1408 1485 1616 1644 1453 1220 1073 1179 1100 1169 1617 1304 1229 2000 1347 1298 1612 1186 1813 1153 1676 1935 1670 1331 1318 1044 1341 1787 1747 1657 1196 1851 1739 1035 1868 1818 1563 1293 1867 1003 1124 1119 1396 1035 1691 1236 1648 1695 1124 1939 1920 1535 1508 1716 1454 1559 1767 1044 1584 1305 1772 1162 1629 1807 1588 1745 1500 1990 1108 1383 1424 1140 1621 1354 1264 1480 1201 1456 1500 BCNSPRNW ULIB Ver.6.0+V

เปลี่ยนเป็นภาษาไทย

Change to English
 แสดงรายละเอียดบรรณานุกรม
  กลับหน้าหลัก

Brief Record : Get Marc (ISO 2709) : E-mail record : QR code < ปิดหน้าต่าง
LEADER : 00000nam 2200000uu 4500
001    13399113140
003     ULIB
008    110927s2550||||th 000 0 tha d
020    9789747035841
082 04 QA76.75^bช579ก 2550
100 0  ชีวธันย์ ญาณากรสกุล
245 00 ก๊อบปี้ ตัดต่อ แปลงไฟล์ CD/DVD /^cชีวธันย์ ญาณากรสกุล
260    กรุงเทพฯ :^bอี เอ็กซ์พี มีเดียว,^c2550
300    271 หน้า :^bภาพประกอบ
650  7 CD^xการตัดต่อ
650  7 DVD^xการตัดต่อ
945    ^p139^l0^i022899
995    ทศพร
999 ^a ทศพร
รายการนี้ยังไม่มีแท็ก
คุณยังไม่ได้ล็อกอิน คุณสามารถมีกิจกรรมร่วมกับเว็บไซต์ได้ แต่ต้องล็อกอินก่อน ::
  ล็อกอิน

รายการสื่อสารสนเทศ

ลำดับที่ ประเภท เลขเรียก/บาร์โค้ด สถานที่ สถานะ
- ไม่พบข้อมูล -

รายการใกล้เคียง
    ผู้แต่ง [ชีวธันย์ ญาณากรสกุล]

BibComment


ยังไม่เคยถูกคอมเมนท์

คอมเมนท์ทรัพยากรรายการนี้
  คอมเมนท์: ก๊อบปี้ ตัดต่อ แป..


 Copyright 2026. Bcnsprnw @Library